[Event "POR-chT 1st Divison 2018"]
[Site "Maia"]
[Date "2018.07.20"]
[Round "6"]
[White "Cuenca Jimenez, Jose Fernando"]
[Black "Galego, Luis"]
[Result "1-0"]
[WhiteElo "2513"]
[BlackElo "2471"]
[Annotator "TA"]
[PlyCount "175"]
[EventDate "2018.07.16"]
[EventType "team-tourn"]
[EventCountry "POR"]
[SourceTitle "playchess.com"]
[Source "ChessBase"]
[SourceQuality "1"]

{[%evp 14,175,70,54,54,42,45,64,43,46,40,41,40,46,40,12,34,34,55,11,31,0,47,-22,-22,-25,-25,-30,0,0,4,-86,-50,-90,-90,-91,-87,-86,0,-64,-21,-105,-89,-121,-34,-229,-213,-185,-142,-238,-180,-676,-663,-920,-920,-908,-872,-745,-93,-94,0,0,0,0,0,0,0,0,0,0,0,0,145,162,224,223,397,392,387,200,441,424,372,396,420,418,487,482,389,423,548,560,582,587,574,573,563,551,515,355,537,516,490,491,453,436,430,379,679,679,1489,569,926,695,1487,1167,914,1031,1085,633,455,463,465,469,29951,10234,29951,29947,7333,10485,1692,708,12843,6563,1773,1732,29967,29967,29966,29960,29966,29967,29968,29965,29972,29972,29972,29972,29972,29974,29974,29975,29977,29977,29980,29980,29981,29982,29982,29983,29986,29987,29996,584]} 1. d4 Nf6 2. c4 e6 3. Nc3 Bb4 4. Qc2 c5 5. dxc5 Qa5 6. Bd2 Na6 7. a3 Nxc5 8. f3 {LiveBook: 5 Partien} d6 $146 {E38: Nimzoindisch (4.Dc2)} ({Vorgänger:} 8... Bxc3 9. Bxc3 Qa4 10. Qxa4 Nxa4 11. Bd4 b6 12. e4 d6 13. O-O-O e5 14. Be3 Ke7 15. Ne2 h6 16. b3 {1-0 (42) Azmaiparashvili,Z (2673)-Pigusov,E (2578) Neum 2000}) 9. Rd1 Bxc3 $1 10. Bxc3 Qc7 {Weiß steht etwas besser.} 11. Qd2 Ke7 12. Bxf6+ gxf6 13. e3 a5 14. Ne2 a4 15. Nc3 Bd7 16. Be2 (16. Bd3 $5) 16... h5 17. O-O h4 18. f4 (18. Bd3 $14) 18... f5 $11 19. Bf3 Bc6 20. Qe2 Bxf3 21. gxf3 Qc6 22. Kf2 (22. Kh1 $11) 22... Nb3 23. Nb5 Rad8 $1 24. Rg1 Na5 25. Rc1 Nb3 (25... Qc5 $17) 26. Rc2 (26. Rcd1 $11) 26... Rhg8 27. Qe1 (27. Qf1 $11 {hält das Gleichgewicht.}) 27... Qc5 $1 $17 28. Ke2 Rh8 (28... Kd7 $1 $17 29. Rxg8 Rxg8) 29. Rg7 $2 ({Besser ist} 29. Qb4 $1 $15 Qxb4 30. axb4) 29... d5 $19 30. Qg1 Rh6 31. Qg5+ (31. Kf2 $17 {war einen Versuch wert.} d4 32. exd4 (32. Qg5+ Rf6 $17) 32... Nxd4 33. Kf1) 31... Rf6 32. Kf2 $2 (32. Qg1) 32... d4 $1 {[%cal Rd4d3] Droht ...d3 und aus.} ({Minderwertig wäre} 32... dxc4 33. Rh7 $16) 33. exd4 Nxd4 34. Nxd4 Qxd4+ 35. Kg2 {[#]} Rh8 $2 (35... h3+ $1 $19 {[%mdl 512] und Schwarz behält klar die Oberhand.} 36. Kxh3 Rh8+ 37. Kg2 Kf8) 36. Kh3 $17 Qe3 (36... b6 $1 $17) 37. Rc3 $36 {[%mdl 2048] Weiss steht aktiver.} Qd2 38. Qg1 Qxf4 39. Qb6 Rd8 40. Qb4+ $1 Qd6 {Und ...Dxb4 würde nun gewinnen.} 41. Qxb7+ Kf8 42. Rg2 {c5 ist eine echte Drohung.} Qc5 (42... Rg6 $11 {bleibt in der Remisbreite.} 43. Rxg6 fxg6) 43. Qb4 $16 Rc8 (43... Qxb4 $142 44. axb4 Rg6) 44. Qxa4 $18 Rb8 $2 (44... e5 45. Qd7 Qc6 46. Qxc6 Rfxc6) 45. Rb3 Rc8 46. Qb4 (46. Qd7 $142 Qc7 47. Qxc7 Rxc7 48. Rc3 (48. Kxh4 Rh6+ 49. Kg3 Rxc4 $14)) 46... e5 $2 (46... Qxb4 {ist wohl besser.} 47. Rxb4 Rd8) 47. Qxc5+ Rxc5 {[%mdl 4096] Endspiel KTT-KTT} 48. Rc3 e4 49. f4 Rfc6 50. Rgc2 Rd6 51. b4 Rd3+ 52. Kxh4 Rc6 53. Rxd3 exd3 {KT-KT} 54. Rd2 Rxc4 55. Rxd3 Rxf4+ 56. Kg3 Rg4+ (56... Rf1 $142 57. Rf3 Rh1 58. Rxf5 Rg1+ 59. Kf2 Rh1) 57. Kf2 Rc4 58. h3 Ke7 59. Ke3 Rc2 60. Kd4 Kd6 $2 (60... f4 61. Ke4 Rf2) 61. b5 f4 62. a4 (62. b6 $142 {Droht stark b7.} Re2 63. Rb3) 62... Ra2 63. Kc4+ Ke5 64. Kb4 Ke4 65. Rd1 f3 66. Kb3 Re2 67. b6 {Schwarz muss nun b7 beachten.} f2 68. Rf1 $1 {zielt auf b7 ab.} Kf3 (68... Kd5 $18 69. b7 Re8 70. Rxf2 Kc6 71. Rxf7 Kb6) 69. b7 Re1 {[#]} 70. Rxf2+ $1 {[%mdl 512]} Kxf2 {KT-K3B} 71. Kc2 Re2+ 72. Kc3 Re3+ {[#]} 73. Kc4 $1 Re4+ 74. Kc5 Rxa4 75. b8=Q {KD-KT. Weiß setzt Matt.} Rh4 76. Qf8 Rxh3 77. Qxf7+ Rf3 78. Qd5 Ke3 79. Qd4+ Ke2 80. Kc4 Re3 81. Qg4+ Kf2 82. Kd4 Ra3 83. Qf4+ Kg2 84. Qc1 Rh3 85. Ke4 Rh4+ 86. Ke3 Rh3+ 87. Ke2 Kg3 88. Qg5+ {Precision: Weiß = 59%, Schwarz = 36%.} 1-0

[Event "POR-chT 1st Divison 2018"]
[Site "Maia"]
[Date "2018.07.19"]
[Round "6"]
[White "Korneev, Oleg"]
[Black "Cruz, Jorge Filipe Egas D"]
[Result "1-0"]
[WhiteElo "2506"]
[BlackElo "2159"]
[Annotator "TA"]
[PlyCount "63"]
[EventDate "2018.07.16"]
[EventType "team-tourn"]
[EventCountry "POR"]
[SourceTitle "playchess.com"]
[Source "ChessBase"]
[SourceQuality "1"]

{[%evp 15,63,45,36,34,41,38,40,31,42,41,58,23,72,48,46,21,85,74,107,101,95,48,48,0,89,91,110,56,67,64,80,52,129,122,118,109,130,144,350,328,1239,1226,1219,1190,957,950,5597,5194,29998,29999]} 1. e4 c5 2. Nf3 g6 3. c3 Bg7 4. d4 cxd4 5. cxd4 d5 6. e5 Bg4 7. Bb5+ {B27: Sicilian: 2 Nf3, unusual Black 2nd moves} Nd7 8. O-O a6 {LiveBook: 11 Games} (8... e6 9. Nbd2 Ne7 10. h3 Bxf3 11. Nxf3 a6 12. Bd3 O-O 13. h4 f6 14. exf6 Bxf6 {1-0 (37) Andreikin,D (2736)-Savchenko,B (2613) Sochi 2016}) 9. Be2 {White is slightly better.} e6 10. Nbd2 Ne7 11. h3 Bxf3 $1 12. Nxf3 Qb6 13. Bg5 h6 $146 ({Predecessor:} 13... Nc6 14. Rc1 O-O {½-½ (27) Morozov,N (2104)-Cvak,R (2269) ICCF email 2014}) 14. Bf4 O-O 15. Qd2 Kh7 (15... g5 $11 {remains equal.} 16. Be3 Nf5) 16. Bd3 a5 17. Rad1 Rfc8 18. Nh2 Nf5 19. Nf3 Qb4 (19... Ne7 $1 $11) 20. Qe2 a4 21. h4 (21. g4 $16 Ne7 22. h4) 21... Kh8 22. g3 Nb8 23. h5 Nc6 (23... g5 $1 $14) 24. hxg6 $16 fxg6 25. Bxf5 exf5 26. Kg2 g5 $2 {[#]} (26... Qf8 $16 {was called for.} 27. Rh1 Kg8) 27. Bxg5 $1 $18 {[%mdl 512]} hxg5 $2 (27... Qf8 28. Rh1 Kg8) 28. Nxg5 {Intending Qh5+ and mate.} Qe7 29. Qh5+ Kg8 30. Rh1 Nd8 31. Qg6 {White wants to mate with Rh8+!} Rc6 {[#]} 32. Rh8+ $1 {[%mdl 512] Precision: White = 64%, Black = 23%.} 1-0

[Event "POR-chT 1st Divison 2018"]
[Site "Maia"]
[Date "2018.07.19"]
[Round "6"]
[White "Oratovsky, Michael"]
[Black "Andrade, Jose Manuel Vieira"]
[Result "1-0"]
[WhiteElo "2474"]
[BlackElo "2204"]
[Annotator "TA"]
[PlyCount "35"]
[EventDate "2018.07.16"]
[EventType "team-tourn"]
[EventCountry "POR"]
[SourceTitle "playchess.com"]
[Source "ChessBase"]
[SourceQuality "1"]

{[%evp 18,35,74,77,85,79,77,58,112,107,100,105,120,129,403,370,427,442,445,446]} 1. e4 e5 2. Bc4 Nf6 3. d3 c6 {[%cal Bc7c6,Bc6d5,Bd5e4][%mdl 32]} 4. Nf3 d5 5. Bb3 Bd6 6. exd5 cxd5 {C24: Bishop's Opening: 2...Nf6} 7. Bg5 O-O 8. O-O e4 9. dxe4 dxe4 {[#]} 10. Nfd2 $1 {LiveBook: 3 Games} h6 $146 ({Predecessor:} 10... Bf5 11. Nc3 Be5 12. Nc4 Bxc3 13. bxc3 Nbd7 14. Ne3 Bg6 15. Nd5 Rc8 {1-0 (27) Hou,Y (2653)-Muzychuk,M (2545) Hancheng 2016}) 11. Bxf6 Qxf6 12. Nc3 Qh4 (12... Qe5 $14 13. g3 Bb4) 13. g3 $16 Qh3 14. Ndxe4 Be5 15. f4 $36 {[%cal Bf2f4,Bf4f5][%mdl 2080] Keeping Black busy.} Bc7 $2 {[%mdl 8192]} (15... Bxc3 $16 16. bxc3 (16. Nxc3 Nc6 $16) 16... Bg4) 16. Nd5 $18 Bd8 {[#]} 17. f5 $1 {[%mdl 512]} Nc6 (17... Bxf5 18. Nf2) 18. Rf4 1-0

[Event "POR-chT 1st Divison 2018"]
[Site "Maia"]
[Date "2018.07.20"]
[Round "6"]
[White "Iruzubieta Villaluenga, Jesus M"]
[Black "Romano, Luis Miguel Pereira"]
[Result "1-0"]
[WhiteElo "2439"]
[BlackElo "2083"]
[Annotator "TA"]
[PlyCount "110"]
[EventDate "2018.07.16"]
[EventType "team-tourn"]
[EventCountry "POR"]
[SourceTitle "playchess.com"]
[Source "ChessBase"]
[SourceQuality "1"]

{[%evp 17,110,24,25,-17,16,31,23,6,45,3,61,69,93,54,112,103,108,111,122,113,122,100,137,130,197,109,109,108,125,92,103,97,101,100,101,96,93,88,105,67,94,97,97,97,244,241,309,307,386,387,324,394,381,391,328,175,175,179,162,171,173,175,156,156,249,249,248,221,249,235,482,482,482,482,467,466,459,457,449,443,431,388,516,516,29965,29968,12840,5697,29964,29965,29973,29974,29973,29973,29991]} 1. e4 c5 2. Nf3 d6 3. d4 cxd4 4. Nxd4 Nf6 5. f3 e5 6. Nb3 d5 7. Bg5 {B55: Sicilian: 2...d6 3 d4 cxd4 4 Nxd4 Nf6 5 f3} d4 8. c3 Nc6 9. cxd4 Bb4+ {LiveBook: 5 Games} 10. N1d2 {[%cal Bb1d2,Bd2c4,Bc4a3,Ba3c2][%mdl 32] aiming for d5.} exd4 $146 ({Predecessor:} 10... Nxd4 11. a3 Bxd2+ 12. Bxd2 Nxe4 13. Nxd4 Nxd2 14. Qxd2 exd4 {½-½ (24) Kravtsiv,M (2645)-Volokitin,A (2649) Rivne 2016}) 11. Bd3 h6 12. Bh4 O-O 13. O-O Ne5 (13... Bd6 $11) 14. Nc4 $14 Ng6 15. Bf2 $36 {[%mdl 2048] White has some pressure.} b5 (15... Nh5 $14) 16. Na3 $16 a6 17. Nc2 Bd6 18. Ncxd4 Nf4 19. Re1 Nxd3 20. Qxd3 {Strongly threatening e5.} Nh5 (20... Qc7 $16 {was necessary.}) 21. Rad1 (21. e5 $18 Bb4 22. Red1) 21... Bb4 22. Rf1 Nf4 23. Qe3 Qg5 {[%csl Gf4][%cal Rg5g2]} 24. g3 Nh3+ 25. Kg2 Nxf2 26. Qxg5 hxg5 27. Rxf2 {Threatens to win with Nc6.} Re8 28. g4 Be7 29. Rc2 Bf6 30. Nc5 b4 {[#]} (30... Rd8 $16 {was worth a try.}) 31. Nc6 $1 $18 a5 32. e5 Be7 33. Nxe7+ Rxe7 34. Rd8+ Kh7 {[#]} 35. e6 $1 {[%mdl 512]} fxe6 (35... Bxe6 36. Rxa8) 36. Ne4 (36. Rcd2 $142) 36... Bb7 37. Nxg5+ Kg6 38. Rxa8 Bxa8 {[%mdl 4096] Endgame KRB-KRN} 39. h4 Bd5 40. Rc5 Bxa2 (40... Ra7 $16 {keeps fighting.}) 41. Rxa5 Bd5 42. Kg3 Rc7 43. f4 Bc4 $2 (43... Rc2 44. f5+ Kf6 45. fxe6 Bc6) 44. Ra8 {Hoping for Rf8.} Kf6 45. Rf8+ Ke7 46. Rf7+ Kd8 47. Rxc7 Kxc7 {KB-KN} 48. Nf3 Kd6 49. Ne5 Ba6 50. h5 Kc5 (50... Bb5 $18 51. Kh4 Be8) 51. g5 {[%cal Bg4g5,Bg5h6,Bh6h7][%mdl 32]} Bb7 {[#]} 52. f5 $1 {[%mdl 512]} Kd6 (52... exf5 53. h6) 53. h6 {White mates.} gxh6 54. gxh6 Kxe5 55. h7 Kd5 {Precision: White = 77%, Black = 42%.} 1-0

[Event "POR-chT 1st Divison 2018"]
[Site "Maia"]
[Date "2018.07.20"]
[Round "6"]
[White "Larino Nieto, David"]
[Black "Asis Gargatagli, Hipolito"]
[Result "0-1"]
[WhiteElo "2423"]
[BlackElo "2538"]
[Annotator "TA"]
[PlyCount "82"]
[EventDate "2018.07.16"]
[EventType "team-tourn"]
[EventCountry "POR"]
[SourceTitle "playchess.com"]
[Source "ChessBase"]
[SourceQuality "1"]

{[%evp 12,82,18,3,1,-35,-45,-55,-51,-60,-58,-58,-64,-57,-65,-63,-53,-76,-66,-76,-48,-61,-57,-190,-175,-183,-179,-274,-264,-354,-347,-347,-364,-376,-364,-361,-351,-472,-482,-584,-557,-590,-569,-645,-533,-725,-714,-630,-587,-968,-964,-1160,-1147,-1188,-959,-1727,-1752,-8674,-1391,-29971,-29972,-29984,-29985,-29985,-29981,-29981,-29982,-29989,-29990,-29990,-29991,-29997,-29998]} 1. g3 Nf6 2. Bg2 d5 3. Nf3 g6 4. c4 Bg7 5. O-O O-O 6. cxd5 Nxd5 7. e4 {LiveBook: 3 Games. A15: English Opening: 1...Nf6} (7. d4 c5 8. Nc3 Nxc3 9. bxc3 Nc6 10. Be3 Be6 11. dxc5 Bxc3 12. Rb1 Qc7 13. Qc2 Bg7 14. Bf4 Qc8 15. Rfd1 Bf5 16. e4 Bg4 17. Be3 Ne5 18. Qe2 f5 {½-½ (31) Fressinet,L (2662)-Nepomniachtchi,I (2729) Riadh 2017}) 7... Nb6 8. h3 $146 ({Predecessor:} 8. d4 Bg4 9. d5 c6 10. h3 Bxf3 11. Bxf3 Na6 12. dxc6 bxc6 13. Qe2 Nc5 14. Nc3 e5 15. Rd1 Qe7 16. Be3 {0-1 (36) Kovalev,D (2504)-Janik,I (2413) Katowice 2017}) 8... c5 9. Qe2 {Black is slightly better.} Nc6 10. d3 Be6 11. Nc3 c4 12. d4 Nxd4 13. Nxd4 Qxd4 ({And not} 13... Bxd4 14. Rd1 $16) 14. Rd1 Qc5 15. Be3 Qb4 16. a3 Qb3 17. Bc5 (17. e5 $15) 17... Bxc3 $19 18. bxc3 Na4 ({Worse is} 18... Qxc3 19. Bxe7 Rfe8 20. Bb4 $11) 19. Bxe7 (19. Qe3 $142 Qxc3 20. Bxa7) 19... Nxc3 20. Qd2 {Strongly threatening Bf6!} Nxd1 21. Bf6 {[#] White threatens Qh6 and mate.} Ne3 $1 22. fxe3 (22. Qxe3 Qxe3) 22... h6 23. g4 Kh7 24. Kh2 Rac8 25. Rc1 Qxa3 26. Qe1 {[#]} Rfd8 $1 27. Ra1 (27. Bxd8 Rxd8) 27... Qd6+ 28. Kh1 Qd2 29. Qh4 Qxe3 30. g5 {Qxh6+ would kill now.} h5 31. Re1 Qb3 32. Kh2 Rd2 33. Rf1 Qd3 {( -> ...Qxf1)} 34. Kg1 Qe3+ 35. Kh1 c3 {[%cal Bc4c3,Bc3c2][%mdl 32] Black mates.} 36. Be5 Qe2 {[%csl Gd2][%cal Re2g2]} 37. Qg3 c2 38. Bb2 Rd1 39. Qe5 Rxf1+ 40. Kh2 {[#]} Rh1+ $1 41. Kg3 (41. Kxh1 c1=Q+) 41... Qe3+ {Precision: White = 28%, Black = 98%.} 0-1

[Event "POR-chT 1st Divison 2018"]
[Site "Maia"]
[Date "2018.07.19"]
[Round "6"]
[White "Alshameary Puente, Ismael"]
[Black "Santos Latasa, Jaime"]
[Result "0-1"]
[WhiteElo "2352"]
[BlackElo "2576"]
[Annotator "TA"]
[PlyCount "136"]
[EventDate "2018.07.16"]
[EventType "team-tourn"]
[EventCountry "POR"]
[SourceTitle "playchess.com"]
[Source "ChessBase"]
[SourceQuality "1"]

{[%evp 21,136,20,15,20,33,-9,-2,0,0,-25,-27,-22,-12,-41,9,9,4,0,6,6,15,0,0,0,0,0,46,45,41,-14,-4,-4,28,1,42,42,39,40,68,67,79,35,37,0,47,62,87,0,0,0,0,0,0,-2,-2,-15,0,0,0,0,0,0,0,-6,-6,-6,-6,-6,-6,-15,-15,-15,-15,-15,-15,-15,-8,-15,-7,-15,-7,-7,-7,-15,-7,-7,0,-7,-7,-8,0,0,0,0,0,0,0,0,0,0,0,-29977,-29978,-29983,-29984,-29984,-29985,-29985,-29986,-29986,-29980,-29980,-29981,-29981,-29982,-29982,-29983]} 1. d4 d5 2. c4 e6 3. Nc3 c6 4. Nf3 Nf6 5. Bg5 Nbd7 6. cxd5 exd5 7. e3 h6 {D35: Damengambit (Abtauschvariante)} (7... Be7 8. Bd3 Ne4 9. Bxe4 Bxg5 10. Bd3 Be7 11. O-O g6 12. Rb1 O-O 13. b4 a6 14. a4 Nb6 15. a5 Nd7 16. Na4 Bd6 17. Qc2 Nf6 {1-0 (94) Bu,X (2730)-Sjugirov,S (2650) Riadh 2017}) 8. Bh4 g5 9. Bg3 Nh5 10. Bd3 Nxg3 11. hxg3 Bg7 {LiveBook: 49 Partien} 12. Qc2 Nb6 13. Bf5 Bxf5 14. Qxf5 Nc4 $146 15. b3 (15. Qc2 {is interesting.} Qe7 16. O-O-O Nd6 17. Kb1 f5 18. Na4) 15... Nd6 16. Qd3 Qe7 17. Nd2 O-O-O 18. b4 Kb8 19. Rb1 f5 20. b5 cxb5 21. O-O h5 $1 {[%cal Bh6h5,Bh5h4][%mdl 32]} 22. Nxb5 h4 $1 23. Qa3 Nc8 (23... a6 $5 {[%cal Ra6b5]} 24. Nxd6 Qxd6 25. Qxd6+ Rxd6 $11) 24. Qxe7 $1 Nxe7 25. gxh4 (25. Nf3 $14) 25... Rxh4 $11 26. Rfc1 $132 {[%mdl 2048] Weiss puts up resistance} Rdh8 {[%csl Gh8][%cal Rh4h1] [#]} 27. Kf1 Rh1+ (27... f4 {keeps more tension.} 28. Rc7 Bf8 29. Rd7 Kc8 30. Rd6 a6) 28. Ke2 Rxc1 29. Rxc1 Bf6 30. Nb3 b6 31. Nd6 Rd8 32. Nb5 (32. Nf7 {looks sharper.} Rd7 33. Ne5 Rc7 34. Rh1 Bxe5 35. dxe5 Rc2+ 36. Kd3) 32... Rc8 33. Rxc8+ Nxc8 $14 {[%mdl 4096] Endspiel KLS-KSS} 34. Kd3 ({Lieber} 34. Kf3 $16) 34... Kb7 $11 35. Nd2 Kc6 36. Nc3 Nd6 37. f3 b5 38. Nb3 {Droht stark Sa5+.} Nb7 39. e4 dxe4+ 40. fxe4 fxe4+ 41. Nxe4 Be7 42. d5+ Kxd5 {Weiss sollte ...b4 verhindern.} 43. Nc3+ Ke5 44. Nxb5 Nc5+ 45. Nxc5 Bxc5 {KL-KS} 46. Nc3 Bb6 47. Ne2 Bf2 48. Nc3 Be1 49. Ne2 Kd5 50. Nc1 a6 51. Ne2 Bb4 52. Ng3 Bd6 53. Ne4 Bf4 54. Nc3+ Kc5 55. Ne4+ Kd5 56. Nc3+ $1 Ke5 57. Ne2 {Droht g3 und aus.} Kf5 58. Nxf4 Kxf4 {KBB-KBB} 59. Ke2 Kg3 60. Kf1 a5 {Und ...a4 würde nun gewinnen.} 61. a4 $2 {[%mdl 8192] [#]} (61. Kg1 $11) 61... Kh2 $1 {Schwarz setzt Matt.} 62. Kf2 g4 63. g3 Kh3 64. Kf1 Kxg3 65. Kg1 Kf3 66. Kh2 Kf2 67. Kh1 Ke3 68. Kg2 Kd3 {Precision: Weiß = 57%, Schwarz = 63%.} ({Und nicht} 68... Kf4 69. Kf2 $11) 0-1

[Event "POR-chT 1st Divison 2018"]
[Site "Maia"]
[Date "2018.07.20"]
[Round "6"]
[White "Padeiro, Jose"]
[Black "Pereira, Ruben"]
[Result "0-1"]
[WhiteElo "2284"]
[BlackElo "2420"]
[Annotator "TA"]
[PlyCount "118"]
[EventDate "2018.07.16"]
[EventType "team-tourn"]
[EventCountry "POR"]
[SourceTitle "playchess.com"]
[Source "ChessBase"]
[SourceQuality "1"]

{[%evp 23,118,14,11,10,45,28,58,47,56,58,62,62,58,52,58,19,21,21,41,21,47,33,58,0,0,15,54,0,58,58,58,40,54,52,50,0,51,50,51,48,54,38,101,63,41,0,0,0,0,0,0,-28,0,0,0,0,0,-13,0,-25,0,-26,0,0,26,-76,-28,-28,-29,-29,-31,-31,-43,-31,0,0,0,0,24,0,0,0,0,-6,-8,-39,-33,-11,-11,-297,-295,-319,-286,-607,-587,-677,-651]} 1. d4 Nf6 2. Nf3 e6 3. c4 Bb4+ 4. Bd2 Qe7 5. g3 O-O 6. Bg2 Bxd2+ 7. Nbxd2 d6 8. e4 e5 9. O-O Bg4 10. d5 a5 11. h3 {E11: Damenindisch (Bogoljubow-Variante)} Bxf3 12. Qxf3 Na6 {LiveBook: 3 Partien} 13. b3 {Die Stellung ist ausgeglichen.} Nd7 $146 ({Vorgänger:} 13... g6 14. a3 b6 15. Qc3 Nc5 16. b4 Nb7 17. Nb3 Nd7 18. Nc1 Rfc8 {½-½ (42) Voloshin,L (2435)-Kucera,P (2305) Czechia 1995}) 14. a3 {[%cal Ba2a3,Ba3a4][%mdl 32]} c5 15. Qc3 Nc7 16. a4 Na6 17. Rae1 ({Doch nicht} 17. Qxa5 $6 Nb4 $15) 17... Rae8 18. Kh2 Nb4 19. Re2 g6 20. Rfe1 Qf6 21. h4 Qg7 22. Bh3 Nf6 23. f3 (23. Nb1 $14) 23... Nh5 $1 $11 24. Bg4 Nf6 25. Bh3 (25. Nf1 $14) 25... Qh6 ({Besser ist} 25... Nh5 $1 $11) 26. Nf1 $14 {[%cal Bd2f1,Bf1e3,Be3g4][%mdl 32]} Nh5 27. Qe3 Qg7 28. Bg4 Nf6 29. Bh3 Re7 (29... Nh5 $1 $11) 30. Qc3 Ne8 31. Ne3 Qh6 32. Ng4 Qh5 (32... Qg7 $14) 33. Qe3 Kh8 34. Qg5 Qxg5 35. hxg5 f6 36. gxf6 Nxf6 37. Nf2 Nh5 38. Bg2 Ref7 39. Nh3 h6 {[%cal Bh7h6,Bh6h5][%mdl 32]} 40. Rc1 Nf6 41. Rc3 Kg7 42. Ng1 Nh7 43. Nh3 g5 44. Ng1 (44. Nf2 $11 {bleibt in der Remisbreite.}) 44... h5 (44... g4 $5) 45. Bh3 g4 46. fxg4 Rf2+ 47. Rxf2 Rxf2+ 48. Kh1 Ng5 49. gxh5 Nxe4 50. Re3 Ng5 51. Bg2 Kh6 52. g4 Rf4 53. Rg3 Nc2 54. Nh3 Nxh3 55. Bxh3 {Und weiter mit g5+ wäre nett.} Kg5 56. h6 $2 {[%mdl 8192] [#]} (56. Bg2 $11) 56... Rf6 $19 ({Weniger gut wäre} 56... Kxh6 57. g5+ Kg6 58. Bd7 $17) 57. h7 Rh6 58. Rf3 $2 (58. Kg1 Rxh7 59. Bg2) 58... Nd4 59. Rf8 Rxh3+ {Precision: Weiß = 36%, Schwarz = 40%.} 0-1

[Event "POR-chT 1st Divison 2018"]
[Site "Maia"]
[Date "2018.07.20"]
[Round "6"]
[White "Neves, Pedro"]
[Black "Sousa, Andre Ventura"]
[Result "1/2-1/2"]
[WhiteElo "2236"]
[BlackElo "2373"]
[Annotator "TA"]
[PlyCount "88"]
[EventDate "2018.07.16"]
[EventType "team-tourn"]
[EventCountry "POR"]
[SourceTitle "playchess.com"]
[Source "ChessBase"]
[SourceQuality "1"]

{[%evp 18,88,-7,-25,0,0,0,-9,-12,-25,3,-29,-8,-56,-22,-40,-57,-71,-71,-70,-68,-122,-104,-108,-108,-133,-104,-108,-93,-91,-94,-100,-56,-70,-44,-77,0,-36,-58,-31,0,-13,0,-14,0,0,6,14,5,-15,-18,-22,-5,-56,-56,-56,-9,-51,-7,-56,-35,-35,-35,-35,-35,-42,-42,-44,0,0,104,130,331]} 1. e4 e5 2. Nf3 Nc6 3. Bb5 {[%cal Bf1b5,Bb5a4,Ba4b3][%mdl 32]} a6 4. Ba4 Nf6 5. O-O Bc5 6. d3 b5 7. Bb3 d6 8. Be3 Bxe3 {C78: Ruy Lopez: Archangelsk and Möller Defences} 9. fxe3 Na5 (9... O-O 10. a4 Rb8 11. axb5 axb5 12. Nbd2 Ne7 13. h3 Ng6 14. Ra7 c5 15. Qa1 Rb7 16. Ra8 h6 17. Qa5 Qxa5 18. Rxa5 Ne7 {½-½ (32) Kamsky,G (2714)-Anand,V (2801) Moscow 2007}) 10. Qe1 {LiveBook: 3 Games} Nxb3 {Black has an edge.} 11. axb3 O-O 12. Nc3 c6 13. Nh4 g6 $146 ({Predecessor:} 13... Ng4 14. Nd1 Nh6 15. Nf5 Nxf5 16. exf5 f6 17. e4 {½-½ (17) Schwalbe,G (1957)-Heinz,T (2097) Bayern 2005}) 14. Rf3 Bg4 15. Rg3 Be6 16. h3 d5 (16... Nh5 $5 17. Rf3 $8 f5 $11) 17. Rf3 b4 18. exd5 cxd5 ({Of course not} 18... bxc3 $6 19. dxe6 cxb2 20. exf7+ Rxf7 21. Rb1 $14) 19. Na4 ({White should play} 19. Ne2 $15) 19... e4 $17 20. Rf1 Rc8 21. Qf2 Nd7 22. d4 f5 23. g3 g5 24. Ng2 Rf6 25. c3 Qf8 26. Rfc1 Kh8 (26... a5 $17) 27. cxb4 (27. h4 $5 {[%cal Rh4g5]} h6 28. cxb4 $11) 27... Rxc1+ 28. Rxc1 Qxb4 (28... f4 $5 29. exf4 Bxh3 $15) 29. Rc6 Qxb3 30. Rxa6 Kg7 31. Qd2 Bf7 32. Nc5 Qb5 $132 {[%mdl 2048] Black has counterplay} 33. Rxf6 Nxf6 34. b3 Bh5 35. Ne1 ({White should try} 35. Qa2 $11) 35... Kg6 $15 36. Kf2 Kh6 37. Kg2 {[#]} Bf3+ $1 {[%mdl 512]} 38. Kg1 (38. Nxf3 exf3+) 38... Qb8 39. Qf2 g4 40. h4 Nh5 41. Kh2 Kg6 42. Ng2 Qb4 43. Qa2 {Strongly threatening Qa6+.} Nf6 {[#]} (43... Qb5 $11 {remains equal.}) 44. Ne6 $1 $16 Bxg2 $2 {[%mdl 32768] Precision: White = 55%, Black = 36%. . An unexpected result.} (44... Kf7 $16 45. Ng5+ Ke7) 1/2-1/2